000 01742nam a22003137a 4500
005 20111010112319.0
008 111010t xxu||||| |||| 00| 0 eng d
010 _aENG103921
020 _a9788120344440
_c495.00
035 _aEN-87454
037 _bDBAD/PUB
040 _aDPL
_bEng
082 0 0 _a658.3
_222
100 1 _aDrafke, Michael W.
_935370
245 1 4 _aThe human side of organizations /
_cby Michael Drafke
250 _a10th ed.
260 _aNew Delhi
_bPHI Learning
_cc2009.
270 _aM-97, Connaught Circus
_bNew Delhi
_e110001
300 _axxvi, 585 p. :
_bill.
_c26cm (pbk)
500 _aIncludes bibliographical references and index.
505 0 _aWork and its place in life -- Perception and problem solving -- Primary communications -- Improving communications and managing conflict -- Ethics and etiquette -- Jobs, from design to appraisal -- Formal organizations : how people organize -- Understanding management -- Small groups and the informal organization -- Individuals and self-management -- Motivation and morale -- Job satisfaction and the quality of work life -- The dynamics of change -- Leadership -- Stress -- Challenges and opportunities.
650 0 _aPsychology, Industrial.
_935371
650 0 _aOrganizational behavior.
_935372
650 0 _aInterpersonal relations.
_935373
856 4 1 _3Table of contents only
_uhttp://www.loc.gov/catdir/toc/ecip0725/2007033681.html
942 _2ddc
_cEN
_h658.3
_mDRA
999 _c57445
_d57445